000 01687nam a22002537a 4500
999 _c210
_d210
003 AR-BaISA
005 20190207150310.0
007 ta
008 170803s2003 ag ||||| |||| 00| 0 spa d
020 _a9879165462
040 _cAR-BaISA
082 0 4 _222
_a616.89 F392
100 1 0 _9505
_aFernández Bruno, Mónica
245 1 0 _aRehabilitación psiquiátrica y reinserción social de las personas con trastornos mentales crónicos graves /
_cMónica Fernández Bruno y Pablo M. Gabay
260 _aBuenos Aires:
_bPolemos,
_c2003
300 _a221 p.
504 _aBibliografía al final de cada capítulo
505 _tEl estigma de la locura y la rehabilitación psiquiátrica --
_tEl enfermo mental crónico y su entorno --
_tTrastornos neurocognitivos en la esquizofrenia --
_tMedicación psicofarmacológica de la esquizofrenia en etapa crónica --
_tUtilidad de la psicoterapia cognitiva en la esquizofrenia --
_tTerapia ocupacional --
_tMusicoterapia --
_tUn programa de rehabilitación psiquiátrica con un equipo terapéutico multidisciplinario --
_tResidencias intermedias --
_tTratamiento bioconductual y rehabilitación de la esquizofrenia --
_tEncuadre legal del enfermo mental crónico en la Argentina --
_tLey de salud mental de la Ciudad Autónoma de Buenos Aires --
_tCuidado comunitario y tratamiento hospitalario en psiquiatría: lecciones de la experiencia británica --
_tElementos de evaluación económica para la gestión de organizaciones y redes de salud mental
650 1 4 _9506
_aRehabilitación psiquiátrica
650 1 4 _9507
_aPersonas con discapacidad mental
650 1 4 _9508
_aIntegración social
700 1 _9509
_aGabay, Pablo
942 _2ddc
_cLI